| 000 | 00965nam a2200229 i 4500 | ||
|---|---|---|---|
| 003 | IT-RoINE | ||
| 005 | 20200731065343.0 | ||
| 008 | 901015s1988 sp r ||spa d | ||
| 020 | _a8472862712 | ||
| 040 |
_aSpMaBN _cSpMaBN IT-RoINE _dIT-RoINE |
||
| 100 | 1 |
_aÁlvarez Valdés, Ramón, _d1787-1858 _968605 |
|
| 245 | 1 | 0 |
_aMemorias del levantamiento de Asturias en 1808 / _cRamón Álvarez Valdés ; prólogo de Francisco Carantoña Álvarez. |
| 260 |
_aGijón : _bSilverio Cañada, _c1988. |
||
| 300 |
_a367 p. ; _c20 cm. |
||
| 490 |
_aBiblioteca histórica asturiana ; _v3 |
||
| 500 | _aIncluye: Apéndice documental. | ||
| 651 | 4 |
_aAsturias (España : Comunidad Autónoma) _xHistoria _ySiglo 19o. _vRelatos personales _968606 |
|
| 651 | 4 |
_aEspaña _xHistoria _y1808-1814 (Guerra de la Independencia) _vRelatos personales _965859 |
|
| 700 | 1 |
_918479 _aCarantoña Álvarez, Francisco, _d1957- |
|
| 830 | 0 |
_918476 _aBiblioteca histórica asturiana ; _v3 |
|
| 942 | _cMTS | ||
| 999 |
_c34955 _d34955 |
||